01436cam a22003614a 4500003000900000005001700009008004100026020003500067020003800102035002700140040015000167041001300317082002100330100004400351245008400395264005300479300004500532336002100577337002500598338002300623505015900646526000900805526000900814526000800823526000800831526000800839526000800847630006500855630002500920650005100945650005800996650002001054PE-LiUPU20250731175617.0110413s2011 mau bd 001 0 eng  a1565637410q(hc ;qalk. paper) a9781565637412q(hc ;qalk. paper) a(Sirsi) i9781565637412 aDLCbspacDLCdYDXdYDXCPdUKMGBdIG#dCDXdBWXdSTFdBTCTAdBDXdOXFdOCLCOdOCLCQdOCLCOdP4IdOCLCQdCHVBKdOCLCOdOCLCAdDTMdOCLCQdPE-LiUPU0 aengagre00a487.403bC512221 aChamberlain, Gary Alan,d1945-,eautor.14aThe Greek of the Septuagint :bA supplemental lexicon /cGary Alan Chamberlain. aPeabody, Mass. :bHendrickson Publishers,c2011. axlii, 256 páginas ;c25 centímetros. atext2rdacontent aunmediated2rdamedia avolume2rdacarrier0 aLexicon -- Appendix I. Word lists -- Appendix II. Comparative index of words in this lexicon and BDAG -- Appendix III. Septuagint-English Bible parallels. aP145 aP127 aP97 aP35 aP14 aP0700aBiblia.pTestamento antiguo.lGriegoxVersionesxSeptuagint.07aSeptuaginta.2idszbz 0alengua Griega, BiblicavDiccionariosxEnglish. 0aLengua Griega, BiblicavGlosarios, vocabularios, etc. 7aGriego.2idszbz